[Event "CAN-ch Post-Secondary A"]
[Site "Waterloo"]
[Date "2011.01.16"]
[Round "3.4"]
[White "Peristy, Luke"]
[Black "Riordon, Jason"]
[Result "0-1"]
[WhiteElo "1650"]
[BlackElo "2049"]
[PlyCount "68"]
[EventDate "2011.01.15"]
[EventType "swiss"]
[EventRounds "4"]
[EventCountry "CAN"]
[SourceTitle "EXT 2022"]
[Source "ChessBase"]
[SourceDate "2021.10.06"]
[SourceVersion "1"]
[SourceVersionDate "2021.10.06"]
[SourceQuality "1"]

1. c4 e6 2. Nc3 c6 3. d4 d5 4. e3 Nf6 5. Nf3 Be7 6. Bd3 dxc4 7. Bxc4 b5 8. Bd3 Nbd7 9. 0-0 a6 10. Bc2 Bb7 11. e4 c5 12. d5 b4 13. dxe6 fxe6 14. Na4 Nxe4 15. Re1 Ndf6 16. Qe2 Qc7 17. Ng5 Nxg5 18. Bxg5 Bd5 19. Bxf6 Bxf6 20. Qh5+ Kd7 21. Qf7+ Kc6 22. Rxe6+ Bxe6 23. Qxe6+ Kb5 24. a3 Rhd8 25. axb4 cxb4 26. Qe2+ Qc4 27. Nc3+ bxc3 28. Ba4+ Kc5 29. Qe3+ Qd4 30. Qc1 Qd2 31. b4+ Kb6 32. Qa3 Qb2 33. Qxb2 cxb2 34. Rb1 Rac8 0-1